INOVASI ORGANISASI : (Record no. 4902)
[ view plain ]
| 000 -LEADER | |
|---|---|
| fixed length control field | 00970nam a22002777a 4500 |
| 005 - DATE AND TIME OF LATEST TRANSACTION | |
| control field | 20211101121616.0 |
| 008 - FIXED-LENGTH DATA ELEMENTS--GENERAL INFORMATION | |
| fixed length control field | 211101b2020 my ||||| |||| 00| 0 my d |
| 020 ## - INTERNATIONAL STANDARD BOOK NUMBER | |
| International Standard Book Number | 9789672429319 |
| Terms of availability | 1 |
| 020 ## - INTERNATIONAL STANDARD BOOK NUMBER | |
| Terms of availability | RM28.00 |
| 040 ## - CATALOGING SOURCE | |
| Original cataloging agency | AKMAL |
| 082 04 - DEWEY DECIMAL CLASSIFICATION NUMBER | |
| Classification number | 658.4063 NOR |
| 090 00 - LOCALLY ASSIGNED LC-TYPE CALL NUMBER (OCLC); LOCAL CALL NUMBER (RLIN) | |
| Classification number (OCLC) (R) ; Classification number, CALL (RLIN) (NR) | 658.4063 |
| Local cutter number (OCLC) ; Book number/undivided call number, CALL (RLIN) | NOR |
| 100 0# - MAIN ENTRY--PERSONAL NAME | |
| Personal name | Norkisme Zainal Abidin |
| 9 (RLIN) | 9294 |
| 245 10 - TITLE STATEMENT | |
| Title | INOVASI ORGANISASI : |
| Remainder of title | Sumber, Keupayaan dan Prestasi |
| Statement of responsibility, etc. | NORKISME ZAINAL ABIDIN, NUR RIZA MOHD. SURADI, ZAINOL HAJI MUSTAFA |
| 264 #1 - PRODUCTION, PUBLICATION, DISTRIBUTION, MANUFACTURE, AND COPYRIGHT NOTICE | |
| Place of production, publication, distribution, manufacture | Bangi, Selangor |
| Name of producer, publisher, distributor, manufacturer | Penerbit Universiti Kebangsaan Malaysia |
| Date of production, publication, distribution, manufacture, or copyright notice | 2020 |
| 300 ## - PHYSICAL DESCRIPTION | |
| Extent | 230 pages |
| Dimensions | 23cm |
| 500 ## - GENERAL NOTE | |
| General note | Includes index |
| 504 ## - BIBLIOGRAPHY, ETC. NOTE | |
| Bibliography, etc. note | Bibliography: pages [197]-217 |
| 650 10 - SUBJECT ADDED ENTRY--TOPICAL TERM | |
| Topical term or geographic name entry element | Organizational change |
| 9 (RLIN) | 567 |
| 650 20 - SUBJECT ADDED ENTRY--TOPICAL TERM | |
| Topical term or geographic name entry element | Organizational effectiveness |
| 9 (RLIN) | 566 |
| 650 20 - SUBJECT ADDED ENTRY--TOPICAL TERM | |
| Topical term or geographic name entry element | Inventions |
| 9 (RLIN) | 9295 |
| 650 20 - SUBJECT ADDED ENTRY--TOPICAL TERM | |
| Topical term or geographic name entry element | Government publications |
| Geographic subdivision | Malaysia |
| 9 (RLIN) | 9296 |
| 700 0# - ADDED ENTRY--PERSONAL NAME | |
| Personal name | Nur Riza Mohd. Suradi |
| Relator term | author. |
| 9 (RLIN) | 9297 |
| 700 0# - ADDED ENTRY--PERSONAL NAME | |
| Personal name | Zainol Hj. Mustafa |
| Relator term | author. |
| 9 (RLIN) | 9298 |
| 942 ## - ADDED ENTRY ELEMENTS (KOHA) | |
| Source of classification or shelving scheme | |
| Koha item type | Book |
| Withdrawn status | Lost status | Source of classification or shelving scheme | Damaged status | Not for loan | Collection code | Home library | Current library | Shelving location | Date acquired | Inventory number | Total Checkouts | Full call number | Barcode | Checked out | Date last seen | Date last checked out | Price effective from | Koha item type |
|---|---|---|---|---|---|---|---|---|---|---|---|---|---|---|---|---|---|---|
| NON-FICTION | AKMAL Melaka | AKMAL Melaka | PINJAMAN | 01.11.2021 | 011421 | 3 | 658.4063 NOR | 201708027 | 18.05.2026 | 16.04.2026 | 16.04.2026 | 01.11.2021 | Book |
